000 00749nam a22002057a 4500
999 _c189158
_d189158
005 20220621145256.0
010 _aENG-133294
020 _a9788190932219
_c800.00
035 _aEN-116826
037 _bDBAD/PUB
082 _a633.84
245 _aCrop Improvement Strategies For Sustainable Agriculture:
_bProceedings of National Seminar on Crop Improvement Strategies for Sustainable Agriculture/
_cEdited by M. Prakash, P. Senthil Kumar and Y. Anbu Selvam
260 _aChidambaram
_bVelan Pathippagam
_c2009
270 _aNo. 5, S.P. Koil Street
_bChidambaram
_e608001
300 _a350p.
_c24cm(pbk)
700 _aPrakash, M.
700 _aKumar, P. Senthil
700 _aSelvam, Y. Anbu
942 _2ddc
_cEN
_h633.84
_mPRA